000 00444nam a22001457a 4500
008 210518b ||||| |||| 00| 0 eng d
020 _a9789390166268
082 _a332.4 HOU
100 _aHousel, Morgan
245 _aThe Psychology of money :
_bTimeless lessons on wealth, greed and happiness
260 _aDelhi :
_bJaico Publishing House,
_c2020.
300 _aviii, 242 p.
_c22 cm.
650 _a Money--Psychological aspects.
942 _2ddc
999 _c8746
_d8747